000 00574nam a2200181Ia 4500
008 190427s9999 xx 000 0 und d
100 _aJones, Kiku
245 _aDesire skills of entry level IS position: Identification and Assessment /
245 _cKiku Jones, Loru N. K. Leonard and Guido Lang.--
260 _bTaylor and Francis Group
260 _c2018
300 _apages 214-220, 2018
440 _aJournal of Computer Inforamation System
_v58(3)
650 _aEmployers survey
650 _aHard skills
650 _aIS curruculum
650 _aSoft skills
999 _c361727
_d361727